000 00512nam a2200169 i 4500
001 91484
003 ES-MaACL
005 20230906180730.0
007 t|
008 050131s1971 sp ||||1| spa d
110 0 0 _aEspaña.
_tLeyes, etc.
_9184149
245 1 0 _aLey de Caza de 4 de abril de 1970 y Reglamento para su ejecución de 25 de marzo de 1971 e índice análitico.
260 _a[Madrid] :
_bReus,
_c1971.
300 _a164 p. ;
_c14 cm.
852 _aES-MaACL
_jC-42123
_bR.77962
999 _c91484
_d91484